|
|
|
|
| LEADER |
00000cam a2200000 7i4500 |
| 001 |
0000003535 |
| 002 |
000003805 |
| 005 |
20000330.0 |
| 020 |
|
|
|a 983893044X
|
| 090 |
0 |
0 |
|a F
|b ABD
|
| 245 |
1 |
0 |
|a Verdict
|c Abdul Rahim Awang
|
| 260 |
|
|
|a Kuala Lumpur :
|b Creative Enterprise ,
|c 1993
|
| 300 |
|
|
|a 151p. ;
|c 18cm.
|
| 650 |
0 |
0 |
|a Malay fiction
|
| 999 |
|
|
|a 031893
|b BUKU
|c FICTION
|e PERPUSTAKAAN KOMUNITI PETALING JAYA
|
| 999 |
|
|
|a 031894
|b BUKU
|c FICTION
|e PERPUSTAKAAN KOMUNITI PETALING JAYA
|
| 999 |
|
|
|a 031895
|b BUKU
|c FICTION
|e PERPUSTAKAAN KOMUNITI PETALING JAYA
|
| 999 |
|
|
|a 044573
|b BUKU
|c FICTION
|e PERPUSTAKAAN KOMUNITI CAW KOTA DAMANSARA
|
| 999 |
|
|
|a 044574
|b BUKU
|c FICTION
|e PERPUSTAKAAN KOMUNITI CAW KOTA DAMANSARA
|